000 01178nam a22003497a 4500
003 CHAP
005 20220329133137.0
008 971013s1991 r 00010 d
010 _a2667
011 _a3639
035 _a2840
040 _cCHAP
090 _aTesis
100 0 0 _aGonzález Juárez, Vicente.
_949086
245 _aSistema de simulación con graficación hasta en tres dimensiones
260 _aSanta Cruz Acatlán, Méx. :
_bEl Autor,
_c1991
300 _a99 h.
_b: ilus
500 _aD46-208
502 _aTesis (Lic. en matemáticas aplicadas y computación) -- UNAM. Escuela Nacional de Estudios Profesionales "Acatlán"
590 _aALEPH
_b10
_c20130110
_lUCH01
_h1213
590 _aBATCH-UPD
_b10
_c20130110
_lUCH01
_h1003
590 _aBATCH-UPD
_b10
_c20130410
_lUCH01
_h0614
590 _aBATCH-UPD
_b10
_c20130914
_lUCH01
_h1022
590 _aCONVERSION
_b10
_c20130109
_lUCH01
_h1303
650 1 4 _aComputación.
_926122
650 1 4 _aLenguajes de programación.
_965989
650 1 4 _aSimulación.
_9106523
901 _aBK
942 _cFOLL
949 _bBC
_cTES
_d-12347
_eTS1
_h24406
_i2840
_si
949 _bBC
_cTES
_d-72957
_eTS2
_fc.2
_h24407
_i2840
_si
999 _c2667
_d2667